000 00581nam a2200181 4500
001 145142
003 ES-MaACL
005 20230906201154.0
007 t|
008 070214s1977 sp r ||||1| spa d
100 1 _aSoto Sánchez, Oscar David.
_9107531
245 1 0 _aNociones fundamentales de Derecho económico y social /
_cOscar David Soto Sánchez.
250 _a2ª. ed.
260 _aValencia (Venezuela) :
_bUniversidad de Carabobo,
_c1977.
300 _a190 p. ;
_c21 cm.
710 2 _aUniversidad de Carabobo (Venezuela)
_97161
852 _aES-MaACL
_jA-6531
_bR.95620
999 _c145142
_d145142